| 000 | 01168nam a2200301 i 4500 | ||
|---|---|---|---|
| 003 | EG-GICUC | ||
| 005 | 20260316131840.0 | ||
| 008 | 251201s1990 ua ||||fr|||| 000 0 ara d | ||
| 040 |
_a EG-GICUC _bara _c EG-GICUC _d EG-GICUC _erda |
||
| 041 | _aara | ||
| 082 | 0 | 4 |
_221 _a343.3045 _bق ا |
| 092 | 0 | 4 | _221 |
| 099 | _aLaw1 10 343.3045 ق ا 1990 | ||
| 245 | 0 | 0 |
_aقانون الأجراءات الجنائية الإيطالي الجديد : _bالقانون رقم 447 بتاريخ 16 فبراير 1988 . |
| 264 |
_aالقاهرة : _bدار النهضة، _c1990. |
||
| 300 |
_a409 صفحة ؛ _c24 سم. |
||
| 336 |
_2rda content _atext |
||
| 337 |
_2rda media _aComputer |
||
| 338 |
_2rda carrier _aOnline Resource |
||
| 546 | _aالنص باللغة العربية | ||
| 650 | 1 | 4 |
_a قانون الإجراءات الجنائية _yإيطاليا _2qrmak |
| 651 | 1 | _2qrmak | |
| 700 | 0 |
_aالدكتور محمد ابراهيم زيد _eمترجم. |
|
| 700 | 0 |
_aالدكتور عبدالقادر مصطفى الصيفي. _eمترجم. |
|
| 856 | 4 | 0 | _uhttps://fll.law.cu.edu.eg/fulltext/bks/B10-05660.pdf |
| 905 |
_a5 _eHassnaa |
||
| 942 |
_2ddc _cBK _e21 _n0 |
||
| 999 |
_c47642 _d47642 |
||